Statistics for The Saddle Club (TV show) Series 1

Click here to take the quiz!

General Stats

  • This quiz has been taken 39 times
    (38 since last reset)
  • The average score is 20 of 60

Answer Stats

HintAnswer% Correct
How many members are in the Saddle Club?3
100%
Who goes missing on the Mountain Trail Overnight?Veronica
90%
Name of the StablesPine Hollow
87%
First pony Lisa ridesPatch
84%
Carole's HorseStarlight
81%
Who wakes Lisa from concussion?Prancer
77%
Which horse is threatened by the Slaughterhouse?Prancer
77%
Lisa's second horsePrancer
77%
Animal Lisa gets bitten bySnake
71%
Stevie's second horseBelle
65%
Who is hated on their first day at Pine Hollow?Lisa
65%
Who saves Stevie from Veronica's trick?Lisa
65%
Who ends up in hospital after falling off a horse?Lisa
65%
What year did the Saddle Club first air?2001
61%
Veronica's first horseCobalt
61%
Stevie's first horseComanche
58%
Veronica's second horseGarnet
48%
Owner's wifeDeborah
45%
Which Saddle Club Member quits Pine Hollow?Carole
42%
What Carole wants to be when she grows upVet
42%
What does Veronica find and read in Lisa's room?Her diary
39%
Veronica's best friendKristi
39%
Horse who had a foal with CobaltDelilah
32%
Veronica's competitor in the 'Jump Off'Sam
32%
The name of this foalSamson
32%
Surname of LisaAtwood
26%
Surname of StevieLake
26%
Owner's MumMrs Reg
26%
Sweet Stevie becomes obsessed withJelly Beans
23%
How does Deborah propose to Max?On Horseback
23%
The horse they were ridingPepper
23%
Melanie's friendAshley
19%
Surname of CaroleHanson
19%
Actress that plays LisaLara Jean Marshall
19%
Actress that plays StevieSophie Bennett
19%
Phil's horseTeddy
19%
Mean girlVeronica DiAngelo
19%
What Veronica puts under Comache's saddlePager
16%
Who get disqualified from the Mountain Trail Overnight?The Saddle Club
16%
Who's horse died during this event?Veronica's
16%
Actress that plays CaroleKeenan Macwilliam
13%
Stevie's boyfriendPhil Marsten
13%
Actress that plays VeronicaHeli Simpson
10%
Who accidently sets fire to Pine Hollow?Jake
10%
Lisa's sisterMelanie Atwood
10%
Star of this filmSkye Ransom
10%
Who is the real thief of the Mountain Trail Overnight?Greg
6%
Vet at Pine HollowJudy Barker
6%
Name of Red's cousinLiam
6%
StablehandRed O'Malley
6%
Who fall off the edge of a cliff?Stevie and Carole
6%
Stevie's friend who comes to visitTina
6%
Lisa's illness causing an operationAppendicitis
3%
Name of Carole's bossDavid McLeod
3%
Film made at Pine HollowThe Lone Rider
3%
Carole's competitor at the jump showAndrea Barry
0%
What does Kristi find a talent for?Horse Whisperimg
0%
Owner of the StablesMax Regnory
0%
Carole's first jobRace Horse Exerciser
0%
Boarding School Lisa is threatend to get sent toWentworth Academy
0%

Score Distribution

Percentile by Number Answered

Percent of People with Each Score

Your Score History

You have not taken this quiz since the last reset